000
00212 a2200097 4500
020
_a
9780553589078
041
_a
eng
100
_a
American Diabetes Association
245
_a
Complete Guide to Diavetes
942
_c
K
999
_c
26944
_d
26944